000 00642nam a2200241 a 4500
001 nice12345678
003 IN_TiNIC
005 20260116011309.0
008 050524s1960 ajma grp 000 0 eng
020 _a
_c16
082 0 0 _a297.4
_bBEG
100 _aBegg, Mirza Wahiduddin
245 _aHoly Biography
_b Hazrat Khwaja Muinuddin Hasan Chishti, Holy St.Of Ajmer
260 _aAjmer
_bBeggs` Office Topdara
_c1960
300 _a176p
500 _aincludes index and biblioraphy
505 2 _aill, bibliography
650 _aSufism-Chishti
700 1 _aBegg, Mirza Wahiduddin
902 _bSRS
942 _cBK
999 _c268
_d268